00325nam a2200121Ia 4500008004100000041000800041082001400049100001700063245004500080260003800125300003300163365000700196240624s9999 xx 000 0 und d aeng a004.6 MEN aMENGA JUSTIN aCCSA NG CHECK POINT SECURITY ADMINISTRAT c2003aNew DelhibBPB Publications axliii, : 690 : p. : cm. ; 26 cRS